000
00352 a2200169 4500
001
184280
020
_a
85-7056-987-4
040
_c
Magnum
100
_a
Jose, Elias
240
1
0
_a
Amor adolescente
_l
por
245
1
0
_a
Amor adolescente
300
_a
63
362
0
_a
1999
440
1
_a
Atual Editora
697
_a
LITERATURA JUVENIL
942
_c
BK
999
_c
184280
_d
184280